Cities Bombed During WWII - Statistics

General Stats
  • This quiz has been taken 30,207 times
  • The average score is 5 of 7
Answer Stats
# Answer % Correct
35,000 Berlin
94%
43,000 London
92%
23,000 Dresden
66%
55,000 Hiroshima
66%
38,000 Nagasaki
64%
94,000 Tokyo
54%
42,600 Hamburg
47%
No matching quizzes found
Score Distribution
Percent of People with Each Score
Percentile by Number Answered
Your Score History
You have not taken this quiz